|
|
|
|
| LEADER |
00796ncm#a2200253#a#4500 |
| 001 |
007193 |
| 003 |
AR-BeUNQ |
| 005 |
20190417110102.0 |
| 008 |
010627s1996####ag##################spa#d |
| 999 |
|
|
|c 75
|d 75462
|
| 020 |
|
|
|a 9879537297
|
| 040 |
|
|
|a AR-beUNQ
|e aacr
|
| 099 |
|
|
|a 36-Z6
|
| 100 |
1 |
|
|a Zipoli, Domenico
|
| 245 |
0 |
2 |
|a Laudate Pueri
|c Domenico Zipoli.
|
| 250 |
|
|
|a 2a. ed.
|
| 260 |
|
|
|a Buenos Aires :
|b Ediciones GCC : Grupo de Canto Coral,
|c 1996
|
| 300 |
|
|
|a 1 partitura (32 p.)
|
| 490 |
0 |
|
|a Serie Música en las Misiones Jesuíticas de Sudamérica
|v GCC4
|
| 500 |
|
|
|a Motete para siete voces (con partes solistas), dos violines y B. C
|
| 650 |
|
7 |
|a Música
|2 Spines
|
| 653 |
|
|
|a Partituras
|
| 929 |
|
|
|a COMPRA
|b Grupo de Canto Coral
|d 4,00E
|e 20010509
|f patrimonio
|j 29463
|
| 942 |
|
|
|c PAR
|n 0
|